Normal view
MARC view
- Supervisor Dr. Syed M. Tahir Zaidi
Entry Personal Name
001 - CONTROL NUMBER
- control field: 69898
003 - CONTROL NUMBER IDENTIFIER
- control field: NUST
005 - DATE AND TIME OF LATEST TRANSACTION
- control field: 20210628204323.0
008 - FIXED-LENGTH DATA ELEMENTS
- fixed length control field: 210628|| aca||aabn | a|a d
040 ## - CATALOGING SOURCE
- Original cataloging agency: NUST
- Transcribing agency: NUST
100 ## - HEADING--PERSONAL NAME
- Personal name: Supervisor Dr. Syed M. Tahir Zaidi
670 ## - SOURCE DATA FOUND
- Source citation: Work cat.: (NUST): SHAHID AYAZ 69897, TH-SOF-1647-Implementation of Reflect Array Antenna using Split Ring Resonators, 2019
